XXV aniversario del Patronato de repoblación forestal y Fiesta del Árbol
Publicado:
San Jorge, núm. 82 (2n trimestre 1971), pàg 56 :
MARC
| LEADER | 00000nam a2200000Ia 4500 | ||
|---|---|---|---|
| 001 | |||
| 008 | 160829s9999 xx 000 0 cat d | ||
| 245 | |a XXV aniversario del Patronato de repoblación forestal y Fiesta del Árbol | ||
| 260 | |a San Jorge, núm. 82 (2n trimestre 1971), pàg 56 | ||
| 650 | |a Festa de l'arbre |x Aniversaris, etc. |9 46196 | ||
| 650 | |a Patronato Províncial de la Fiesta del Árbol |x Aniversaris, etc. |9 46197 | ||
| 901 | |a Arxiu | ||
| 942 | |n 1 | ||
| 952 | |0 0 |1 0 |4 0 |7 1 |9 53069 |a Arxiu |b Arxiu |d 2016-12-01 |l 0 |r 2016-12-01 00:00:00 |w 2016-12-01 |y ARXIU | ||
| 999 | |c 56918 |d 56918 | ||